[Event "EST-ch U16 Girls"]
[Site "Tallinn"]
[Date "2016.05.22"]
[Round "7"]
[White "Olde, Margareth"]
[Black "Bitsan, Irina"]
[Result "1-0"]
[WhiteElo "1993"]
[BlackElo "1259"]
[PlyCount "87"]
[EventDate "2016.05.19"]
[EventType "swiss"]
[EventRounds "7"]
[EventCountry "EST"]
[SourceTitle "EXT 2018"]
[Source "ChessBase"]
[SourceDate "2017.10.13"]
[SourceVersion "1"]
[SourceVersionDate "2017.10.13"]
[SourceQuality "1"]

1. c4 c5 2. Nc3 Nc6 3. g3 g6 4. Bg2 Bg7 5. Nf3 Nf6 6. 0-0 0-0 7. d4 cxd4 8. Nxd4 Nxd4 9. Qxd4 a6 10. Qd3 d6 11. Rb1 Rb8 12. b3 e5 13. Bb2 Be6 14. Rfd1 Bf5 15. e4 Be6 16. Qxd6 Qxd6 17. Rxd6 Rfd8 18. Rbd1 Rxd6 19. Rxd6 Bf8 20. Rd1 b5 21. Nd5 Bxd5 22. cxd5 Bd6 23. Rc1 Rb6 24. Rc8+ Kg7 25. Bc1 a5 26. Be3 Rb8 27. Rc6 Ne8 28. f4 f6 29. Bh3 Rd8 30. Bb6 Ra8 31. Bd7 Bf8 32. fxe5 fxe5 33. Bxe8 Rxe8 34. d6 Bxd6 35. Rxd6 Rc8 36. Bxa5 Rc2 37. Rd2 Rxd2 38. Bxd2 Kf7 39. a4 Ke7 40. axb5 Kd7 41. Bc3 Kd6 42. Bxe5+ Kxe5 43. b6 Kd6 44. e5+ 1-0